<?xml version="1.0" encoding="UTF-8"?><?xml-stylesheet type="text/xsl" href="static/style.xsl"?><OAI-PMH xmlns="http://www.openarchives.org/OAI/2.0/" xmlns:xsi="http://www.w3.org/2001/XMLSchema-instance" xsi:schemaLocation="http://www.openarchives.org/OAI/2.0/ http://www.openarchives.org/OAI/2.0/OAI-PMH.xsd"><responseDate>2026-06-03T23:25:44Z</responseDate><request verb="GetRecord" identifier="oai:riuma.uma.es:10630/29062" metadataPrefix="marc">https://riuma.uma.es/rest/oai/request</request><GetRecord><record><header><identifier>oai:riuma.uma.es:10630/29062</identifier><datestamp>2026-02-03T11:42:28Z</datestamp><setSpec>com_10630_2254</setSpec><setSpec>col_10630_37956</setSpec></header><metadata><record xmlns="http://www.loc.gov/MARC21/slim" xmlns:dcterms="http://purl.org/dc/terms/" xmlns:doc="http://www.lyncode.com/xoai" xmlns:xsi="http://www.w3.org/2001/XMLSchema-instance" xsi:schemaLocation="http://www.loc.gov/MARC21/slim http://www.loc.gov/standards/marcxml/schema/MARC21slim.xsd">
   <leader>00925njm 22002777a 4500</leader>
   <datafield ind2=" " ind1=" " tag="042">
      <subfield code="a">dc</subfield>
   </datafield>
   <datafield ind2=" " ind1=" " tag="720">
      <subfield code="a">Cano-Iglesias, María José</subfield>
      <subfield code="e">author</subfield>
   </datafield>
   <datafield ind2=" " ind1=" " tag="720">
      <subfield code="a">Franco-Mariscal, Antonio Joaquín</subfield>
      <subfield code="e">author</subfield>
   </datafield>
   <datafield ind2=" " ind1=" " tag="260">
      <subfield code="c">2023-06-26</subfield>
   </datafield>
   <datafield ind2=" " ind1=" " tag="520">
      <subfield code="a">The development of critical thinking skills in citizens is a fundamental aspect in order to have reflective and critical citizens in the society in which they live. The development of these skills should be encouraged at all educational levels. The social issues where science and technology are involved become a good educational approach supported by some common strategies in the science and engineering edu cation, such as scientific practices of argumentation and inquiry, gamification, augmented reality or the &#xd;
use of audiovisual resources. This chapter offers a theoretical reflection, supported by evidence, showing the importance of the development of these skills in engineering education, since it is a professional activity with direct repercussions on society. The work covers the development of critical thinking through social issues such as the implementation of a nuclear power plant near a town, the choice of purchasing an everyday utensil, the role of women in science and technology, occupational hazards at &#xd;
work or the impact of a meteorite on Earth.</subfield>
   </datafield>
   <datafield ind1="8" ind2=" " tag="024">
      <subfield code="a">Cano, M.J., y Franco, A.J. (2023). Formación de ciudadanos con pensamiento crítico desde la enseñanza de las ingenierías. En F.M. Sirignano y R. Martínez-Roig (Coord.), Educación, investigación e innovación en red (pp. 17 – 40). Aula Magna Proyecto clave McGraw Hill. ISBN 978-84-19544-98-8</subfield>
   </datafield>
   <datafield ind1="8" ind2=" " tag="024">
      <subfield code="a">978-84-19544-98-8</subfield>
   </datafield>
   <datafield ind1="8" ind2=" " tag="024">
      <subfield code="a">https://hdl.handle.net/10630/29062</subfield>
   </datafield>
   <datafield tag="653" ind2=" " ind1=" ">
      <subfield code="a">Ingeniería - Estudio y enseñanza superior</subfield>
   </datafield>
   <datafield tag="653" ind2=" " ind1=" ">
      <subfield code="a">Pensamiento crítico</subfield>
   </datafield>
   <datafield ind2="0" ind1="0" tag="245">
      <subfield code="a">Formación de ciudadanos con pensamiento crítico desde la  enseñanza de las ingenierías.</subfield>
   </datafield>
</record>
</metadata></record></GetRecord></OAI-PMH>